The development of land and property markets in Central and Eastern Europe (Record no. 103481)

MARC details
000 -LEADER
fixed length control field 01821cam a2200337 4500
008 - FIXED-LENGTH DATA ELEMENTS--GENERAL INFORMATION
fixed length control field 040416n2004 000 0 eng u
020 ## - INTERNATIONAL STANDARD BOOK NUMBER
International Standard Book Number 1842191918
035 ## - SYSTEM CONTROL NUMBER
System control number (Sirsi) u125855
041 ## - LANGUAGE CODE
Language code of text/sound track or separate title eng
050 ## - LIBRARY OF CONGRESS CALL NUMBER
Classification number 333.337094
-- 18
100 ## - MAIN ENTRY--PERSONAL NAME
Personal name Adair, Alastair
245 #4 - TITLE STATEMENT
Title The development of land and property markets in Central and Eastern Europe
Remainder of title issues of data
260 ## - PUBLICATION, DISTRIBUTION, ETC.
Place of publication, distribution, etc. London
Name of publisher, distributor, etc. RICS Foundation
Date of publication, distribution, etc. 2004
300 ## - PHYSICAL DESCRIPTION
Extent 39p.
Dimensions 30cm.
490 ## - SERIES STATEMENT
Series statement RICS Foundation Scoping Studies
520 ## - SUMMARY, ETC.
Summary, etc. This report examines the relationship between the availability of property market data and the development of functioning markets in Central and Eastern Europe, including the impacts for the real estate profession. Looks at: background market information; the data that is currently available; the opinions of key players in the Central and Eastern European property markets; the development of property performance indices in Central and Eastern Europe; and constructing property performance indices. Concludes by recommending strategic roles for the Research Forums, an independent data co-ordinator and RICS. Further reading and websites.
650 ## - SUBJECT ADDED ENTRY--TOPICAL TERM
Topical term or geographic name entry element PROPERTY MARKETS
650 ## - SUBJECT ADDED ENTRY--TOPICAL TERM
Topical term or geographic name entry element PROPERTY INDICES
650 ## - SUBJECT ADDED ENTRY--TOPICAL TERM
Topical term or geographic name entry element EASTERN EUROPE
650 ## - SUBJECT ADDED ENTRY--TOPICAL TERM
Topical term or geographic name entry element CENTRAL EUROPE
650 ## - SUBJECT ADDED ENTRY--TOPICAL TERM
Topical term or geographic name entry element PROPERTY PERFORMANCE
650 ## - SUBJECT ADDED ENTRY--TOPICAL TERM
Topical term or geographic name entry element MARKET DATA
690 ## - LOCAL SUBJECT ADDED ENTRY--TOPICAL TERM (OCLC, RLIN)
Topical term or geographic name as entry element PROPERTY-COMMERCIAL PROPERTY-COMMERCIAL PROPERTY MARKET
700 ## - ADDED ENTRY--PERSONAL NAME
Personal name Allen, Suzanne
700 ## - ADDED ENTRY--PERSONAL NAME
Personal name Berry, Jim
700 ## - ADDED ENTRY--PERSONAL NAME
Personal name McGreal, Stan
710 ## - ADDED ENTRY--CORPORATE NAME
Corporate name or jurisdiction name as entry element Royal Institution of Chartered Surveyors
Subordinate unit Foundation
9 (RLIN) 4173
710 ## - ADDED ENTRY--CORPORATE NAME
Corporate name or jurisdiction name as entry element University of Ulster Centre for Research on Property and Planning
9 (RLIN) 4661
856 ## - ELECTRONIC LOCATION AND ACCESS
Uniform Resource Identifier <a href="https://www.rics.org/Global/Downloads/DevelopmentLandPropertyCentralEasternEurope200406.pdf">https://www.rics.org/Global/Downloads/DevelopmentLandPropertyCentralEasternEurope200406.pdf</a>
Public note View the report on the RICS website...
942 ## - ADDED ENTRY ELEMENTS (KOHA)
Suppress in OPAC 0
Holdings
Withdrawn status Lost status Source of classification or shelving scheme Damaged status Not for loan Home library Current library Shelving location Date acquired Total Checkouts Full call number Barcode Date last seen Copy number Price effective from Koha item type
    Dewey Decimal Classification     London London RICS Boxes 20/12/2004   RICS 2004/35 30067381 06/08/2019 1 06/08/2019 Archive
    Dewey Decimal Classification     Virtual Virtual Online 20/12/2004   ONLINE PUBLICATION 125855-2001 06/08/2019 1 06/08/2019 Book